| 000 | 00379nam a2200157Ia 4500 | ||
|---|---|---|---|
| 008 | 231221s9999 xx 000 0 und d | ||
| 041 | _aEnglish | ||
| 082 | _a641.873 YEN;1 R | ||
| 100 | _aYenne, Bill | ||
| 245 | 0 | _aBeers of the world | |
| 260 |
_c1994 _bBison Books _aLONDON |
||
| 300 | _a192 | ||
| 650 | _aBeers,world | ||
| 650 | _aHotel Management-Beers | ||
| 942 | _cHM | ||
| 999 |
_c207857 _d207857 |
||